000
00327nam a22001457a 4500
003
OSt
008
240224b |||||||| |||| 00| 0 eng d
020
_a
9789391165529
100
_a
DEVDUTT,Pattanaik
245
_a
Hope
250
_a
1st Ed
260
_a
New Delhi
_b
Juggernaut Books
_c
2021
300
_a
165
942
_2
ddc
_c
BK
999
_c
12244
_d
12244